书目信息 |
| 题名: |
制冷与空调作业
|
|
| 作者: | ;全国特种作业人员安全技术培训考核统编教材编委会 编 | |
| 分册: | ||
| 出版信息: | 北京 气象出版社 2011 |
|
| 页数: | 392页 | |
| 开本: | 21cm | |
| 丛书名: | ||
| 单 册: | ||
| 中图分类: | TB657.2 | |
| 科图分类: | ||
| 主题词: | 制冷装置--技术培训--教材 , 空气调节设备--技术培训--教材 , 制冷装置 , 空气调节设备 | |
| 电子资源: | ||
| ISBN: | 978-7-5029-5159-7 | |
| 000 | 01243nam0 2200277 45 | |
| 001 | 1338816641 | |
| 005 | 20130514151718.04 | |
| 010 | @a978-7-5029-5159-7@dCNY25.00 | |
| 100 | @a20130108d2011 em y0chiy0110 ea | |
| 101 | 0 | @achi |
| 102 | @aCN@b110000 | |
| 105 | @ay z 000yy | |
| 106 | @ar | |
| 200 | 1 | @a制冷与空调作业@AZhi Leng Yu Kong Diao Zuo Ye@f《全国特种作业人员安全技术培训考核统编教材》编委会编@F《 Quan Guo Te Zhong Zuo Ye Ren Yuan An Quan Ji Shu Pei Xun Kao He Tong Bian Jiao Cai》 Bian Wei Hui Bian |
| 210 | @a北京@c气象出版社@d2011 | |
| 215 | @a392页@d21cm | |
| 300 | @a全国特种作业人员安全技术培训考核统编教材(新版) | |
| 330 | @a本书介绍了制冷的基本原理,制冷与空调的基础知识、相关设备及安全装置与仪表,制冷与空调作业安全技术、设备的安全操作、事故与故障处理和安全管理等内容,最后对制冷与空调作业的典型事故案例进行分析。 | |
| 606 | 0 | @a制冷装置@x技术培训@j教材 |
| 606 | 0 | @a空气调节设备@x技术培训@j教材 |
| 606 | 0 | @a制冷装置 |
| 606 | 0 | @a空气调节设备 |
| 690 | @aTB657.2@v5 | |
| 711 | 02 | @a全国特种作业人员安全技术培训考核统编教材编委会@AQuan Guo Te Zhong Zuo Ye Ren Yuan An Quan Ji Shu Pei Xun Kao He Tong Bian Jiao Cai Bian Wei Hui@4编 |
| 801 | @aCN@bTANGWEI@c20130108 | |
| 905 | @b0819828-32@dTB657.2@e223@f5 | |
| 制冷与空调作业/《全国特种作业人员安全技术培训考核统编教材》编委会编.-北京:气象出版社,2011 |
| 392页;21cm |
| 全国特种作业人员安全技术培训考核统编教材(新版) |
| ISBN 978-7-5029-5159-7:CNY25.00 |
| 本书介绍了制冷的基本原理,制冷与空调的基础知识、相关设备及安全装置与仪表,制冷与空调作业安全技术、设备的安全操作、事故与故障处理和安全管理等内容,最后对制冷与空调作业的典型事故案例进行分析。 |
| ● |
| 相关链接 |
|
|
|
|
正题名:制冷与空调作业
索取号:TB657.2/223
 
预约/预借
| 序号 | 登录号 | 条形码 | 馆藏地/架位号 | 状态 | 备注 |
| 1 | 0819828 | 208198289 | 第二样本阅览室/ [索取号:TB657.2/223] | 在馆 | |
| 2 | 0819829 | 208198298 | 第三借阅区/ [索取号:TB657.2/223] | 在馆 | |
| 3 | 0819830 | 208198305 | 第三借阅区/ [索取号:TB657.2/223] | 在馆 | |
| 4 | 0819831 | 208198314 | 第三借阅区/ [索取号:TB657.2/223] | 在馆 | |
| 5 | 0819832 | 208198323 | 第三借阅区/ [索取号:TB657.2/223] | 在馆 |